Eastern Utah Libraries Catalog: Duchesne, Heber, Roosevelt, & Vernal

The Deep Dark: A Graphic Novel. (Record no. 397489)

MARC details
000 -LEADER
fixed length control field 00952nam a22002655a 4500
001 - CONTROL NUMBER
control field in503267266
005 - DATE AND TIME OF LATEST TRANSACTION
control field 20250219161001.0
008 - FIXED-LENGTH DATA ELEMENTS--GENERAL INFORMATION
fixed length control field 240325s2024 |||| ||| |||||||eng||
010 ## - LIBRARY OF CONGRESS CONTROL NUMBER
LC control number 2023032881
020 ## - INTERNATIONAL STANDARD BOOK NUMBER
International Standard Book Number 9781338840001
Terms of availability $27.99
020 ## - INTERNATIONAL STANDARD BOOK NUMBER
International Standard Book Number 1338840002
Terms of availability $27.99
040 ## - CATALOGING SOURCE
Description conventions rda
092 ## - LOCALLY ASSIGNED DEWEY CALL NUMBER (OCLC)
Classification number graphic novel
100 1# - MAIN ENTRY--PERSONAL NAME
Personal name Ostertag, Molly Knox.
9 (RLIN) 6489064
245 14 - TITLE STATEMENT
Title The Deep Dark: A Graphic Novel.
260 ## - PUBLICATION, DISTRIBUTION, ETC. (IMPRINT)
Name of publisher, distributor, etc Graphix
Date of publication, distribution, etc 20240604.
264 ## - Production, Publication, Distribution, Manufacture, and Copyright Notice.
Place of production, publication, distribution, manufacture new york
Name of producer, publisher, distributor, manufacturer Graphix
Date of production, publication, distribution, manufacture, or copyr 20240604.
520 ## - SUMMARY, ETC.
Summary, etc High school senior Magdalena Herrera has adult responsibilities and a deadly secret hidden in the dark of the basement, one that drains her of energy and leaves her bleeding--until the return of her childhood friend Nessa forces her to face her secrets.
586 ## - AWARDS NOTE
Awards note Printz Honor Book Award, 2025
650 ## - SUBJECT ADDED ENTRY--TOPICAL TERM
Topical term or geographic name as entry element Printz Award
9 (RLIN) 6483802
942 ## - ADDED ENTRY ELEMENTS (KOHA)
Source of classification or shelving scheme Dewey Decimal Classification
Koha item type BOOK
Holdings
Withdrawn status Lost status Source of classification or shelving scheme Damaged status Not for loan Collection code Home library Current library Shelving location Date acquired Source of acquisition Total Checkouts Total Renewals Full call number Barcode Checked out Date last seen Date checked out Cost, replacement price Price effective from Koha item type
    Dewey Decimal Classification     Young Adult Graphic Novels Wasatch County Library Wasatch County Library First Floor 08/19/2024 Micromarketing 12 12 YA GN Ostertag 34301002127571 04/15/2026 02/17/2026 02/17/2026 27.99 08/19/2024 BOOK
    Dewey Decimal Classification     Young Adult Graphic Novels Wasatch County Library Wasatch County Library First Floor 09/17/2025 Ingram 1   YA GN Ostertag 34301002167817   10/20/2025 10/16/2025 27.99 09/17/2025 BOOK
This project was made possible through a grant from the Institute of Museum and Library Service administered by the Utah State Library Division.

Wasatch County Library

  • 465 East 1200 South, Heber City, Utah 84032
  • Phone 435-654-1511 | Fax 435-654-6456

Hours

  • Monday - Friday 9:30 AM - 8:00 PM
  • Saturday 9:30 AM - 1:30 PM
  • Closed Sundays and Holidays